Breaking Bad Memorium Quiz - Statistics

General Stats
  • This quiz has been taken 1,594 times
  • The average score is 8 of 15
Answer Stats
Hint Answer % Correct
In which state is the show set and filmed? New Mexico
97%
Who shoots Tuco Salamanca dead? Hank Schrader
92%
What is the name of the awesome actor who played Jesse Pinkman? Aaron Paul
82%
What is the best TV show ever made? Breaking Bad
77%
What is the name of Saul Goodman's 'bodygaurd'? Huell Babineaux
70%
What does Gus use to kill Victor? boxcutter
66%
Who gets shot by Andrea's Cantillo's son? Combo
66%
How does Spooge die? ATM
49%
What rating does Metacritic give Season 5? 99%
47%
Who is the first victim of Walt and Jesse's operations? Emilio Koyama
44%
Which state did the coin 'choose' for Skylar to go at the Four Corners Monument? Colorado
42%
Walt ultimately dies accidently, what kills him? his own M60 machine gun
40%
How many people are directly + indirectly killed by Walter? 198
4%
What is the name of the song Gale sings before Gus knocks on the door of his flat? Crapa Pelada
3%
Who is Season 5 Episode 9 rightly dedicated to? Kevin Cordasco
2%
No matching quizzes found
Score Distribution
Percent of People with Each Score
Percentile by Number Answered
Your Score History
You have not taken this quiz